000 00669nam a2200229Ia 4500
003 OSt
005 20260109112932.0
008 210716s2011 xx 000 0 und d
020 _a9780070588332
040 _cAIMIT LIBRARY
041 _aeng
082 _a006.42
_21
_bPARR
100 _aParekh,Ranjan.
_9250837
245 _aPrinciples of multimedia /
_cBy Ranjan Parekh.
250 _a1st ed.
260 _aNwe Delhi :
_bTata McGraw Hill Education Private Limited ,
_c2011.
300 _axxix,727p. ;
_bPB
_c24.5 cm
650 _aDigital representation
_9250838
650 _aGraphics
_9250839
650 _aCompression
_9250840
942 _2ddc
_cBK
_k006.42 PARR
999 _c191955
_d191955